000 00853nac a22002417a 4500
001 BR7807673
003 BR-BrBNA
005 20240105114344.0
008 230509b bl.|||m| |||| 00| 0 por d
040 _aBR-BrBNA
_bpor
_cBiblioteca Nacional de Agricultura
072 _aK20
090 _aK20 BR7807673
100 1 _aMuthoo, M.K.
110 1 _aProjeto de Desenvolvimento e Pesquisa Florestal, Brasilia, DF (Brasil)
_98062
245 1 _aForestry sector planning institution [planejamento florestal, Brasil]
_bFO:DP/BRA/76/027
260 3 _aBrasilia, DF (Brasil):
_c1978.
300 _a56 p.
490 _aTechnical Report - Projeto de Desenvolvimento e Pesquisa Florestal (Brazil)
_vno. 7
_x
650 _aPLANEJAMENTO FLORESTAL
650 _aADMINISTRACAO FLORESTAL
909 _a202312
_bLúcia Elande
_c55
_dLúcia Elande
942 _2AGRIS
_n0
_cMS
999 _c268870
_d268870